Revue du March ̌Commun et de l'Union Europěnne

Detalles Bibliográficos
Formato: Revista
Lenguaje:francés
Publicado: Paris : Editions Techniques et Economiques, 1991-
Materias:
Acceso en línea:http://www.vlex.com/source/7248

MARC

LEADER 00000nas a22000007a 4500
005 20130322120831.0
007 cr|||| ||||
008 130322c19919999fr mr|p s|||| 0|||b1fre d
022 |a 352616  
035 |a 7248 
040 |a vLex 
090 |c 3994  |d 3994 
245 0 0 |a Revue du March ̌Commun et de l'Union Europěnne  |h [Recurso electrn̤ico]  
256 |a Servicio en ln̕ea 
260 |a Paris :  |b Editions Techniques et Economiques,   |c 1991- 
300 |a 1 Recurso electrn̤ico 
506 |d vLex Global  |d vLex Global (Academic Edition, excluding Law Schools)  |d vLex Global (U.S. Academic Edition, Law Schools)  |d vLex Global (U.S. Academic Edition, excluding Law Schools)  |d vLex Global (Academic Edition, Law Schools) 
650 0 4 |a Derecho comunitario  |v Revistas 
740 |a vLex Revistas (Servicio en ln̕ea) 
856 |a Acceso restringido  |u http://www.vlex.com/source/7248 
942 |c REV 
999 0 |a European Union